Vista normal
Vista MARC
Entrada Corporate Name
Número de registros utilizados en: 1
001 - CONTROL NUMBER
- control field: 8856
003 - CONTROL NUMBER IDENTIFIER
- control field: OSt
005 - DATE AND TIME OF LATEST TRANSACTION
- control field: 20200818141352.0
008 - FIXED-LENGTH DATA ELEMENTS
- fixed length control field: 200818|| aca||aabn | a|a d
040 ## - CATALOGING SOURCE
- Original cataloging agency: OSt
- Transcribing agency: OSt
110 ## - HEADING--CORPORATE NAME
- Corporate name or jurisdiction name as entry element: Colombia.
- Subordinate unit: Ministerio de Agricultura y Desarrollo Rural
- Subordinate unit: Unidad Administrativa Especial de Gestión de Restitución de Tierras Despojadas
670 ## - SOURCE DATA FOUND
- Source citation: Work cat.: (OSt)3677: Colombia. Ministerio de Agricultura y Desarrollo Rural Unidad Administrativa Especial de Gestión de Restitución de Tierras Despojadas, Diálogos técnicos de política restitución de tierras : , 2015